ARRUPE JESUIT UNIVERSITY

CORONAVIRUS -STOP THE SPREAD - CLEAN,DISINFECT,COVER

Religion and the American mind, from the Great Awakening to the Revolution (Record no. 118248)

MARC details
000 -LEADER
fixed length control field 01135cam a2200301 4500
001 - CONTROL NUMBER
control field 1225062
003 - CONTROL NUMBER IDENTIFIER
control field ARRUPE
005 - DATE AND TIME OF LATEST TRANSACTION
control field 20131004123552.0
008 - FIXED-LENGTH DATA ELEMENTS--GENERAL INFORMATION
fixed length control field 731003s1966 mau b 000 0deng
010 ## - LIBRARY OF CONGRESS CONTROL NUMBER
LC control number 66014444
040 ## - CATALOGING SOURCE
Original cataloging agency DLC
Transcribing agency DLC
Modifying agency DLC
043 ## - GEOGRAPHIC AREA CODE
Geographic area code n-us---
050 00 - LIBRARY OF CONGRESS CALL NUMBER
Classification number BR520
Item number .H4
300 ## - PHYSICAL DESCRIPTION
Dimensions 25 cm.
100 1# - MAIN ENTRY--PERSONAL NAME
Personal name Heimert, Alan.
9 (RLIN) 2112
245 10 - TITLE STATEMENT
Title Religion and the American mind, from the Great Awakening to the Revolution
Statement of responsibility, etc [by] Alan Heimert.
260 ## - PUBLICATION, DISTRIBUTION, ETC. (IMPRINT)
Place of publication, distribution, etc Cambridge,
Name of publisher, distributor, etc Harvard University Press,
Date of publication, distribution, etc 1966.
300 ## - PHYSICAL DESCRIPTION
Extent x, 668 p.
500 ## - GENERAL NOTE
General note "Biographical glossary": p. 555-563.
504 ## - BIBLIOGRAPHY, ETC. NOTE
Bibliography, etc Bibliographical references included in "Sources" & "Notes" (p. 564-639)
600 10 - SUBJECT ADDED ENTRY--PERSONAL NAME
Personal name Edwards, Jonathan,
Dates associated with a name 1703-1758.
9 (RLIN) 2113
650 #0 - SUBJECT ADDED ENTRY--TOPICAL TERM
Topical term or geographic name as entry element Great Awakening.
9 (RLIN) 2114
650 #0 - SUBJECT ADDED ENTRY--TOPICAL TERM
Topical term or geographic name as entry element Religious thought
Geographic subdivision United States
Chronological subdivision 18th century.
9 (RLIN) 2115
650 #0 - SUBJECT ADDED ENTRY--TOPICAL TERM
Topical term or geographic name as entry element Theology, Doctrinal
Geographic subdivision United States
General subdivision History
Chronological subdivision 18th century.
9 (RLIN) 2116
651 #0 - SUBJECT ADDED ENTRY--GEOGRAPHIC NAME
Geographic name United States
General subdivision Intellectual life
Chronological subdivision 18th century.
9 (RLIN) 2117
651 #0 - SUBJECT ADDED ENTRY--GEOGRAPHIC NAME
Geographic name United States
General subdivision Church history
Chronological subdivision To 1775.
9 (RLIN) 2118
906 ## - LOCAL DATA ELEMENT F, LDF (RLIN)
a 7
b cbc
c orignew
d u
e ocip
f 19
g y-gencatlg
942 ## - ADDED ENTRY ELEMENTS (KOHA)
Source of classification or shelving scheme Library of Congress Classification
Koha item type Monograph ( Printed materials)
Holdings
Withdrawn status Lost status Source of classification or shelving scheme Damaged status Not for loan Home library Current library Shelving location Date acquired Total Checkouts Full call number Barcode Date last seen Price effective from Koha item type
    Library of Congress Classification     ARRUPE LIBRARY ARRUPE LIBRARY Main Collection 04/10/2013   BR520 .H4 46410749 15/11/2016 04/10/2013 Monograph ( Printed materials)

 

Arrupe Library. PO Box MP320 Mt Pleasant, Harare, Zimbabwe
263 242 745411|librarian@aju.ac.zw